IMF Survey, Volume 31, Issue 14.

To assist Argentina in its efforts to tackle an extremely difficult economic crisis and develop an effective recovery program, IMF Managing Director Horst Kohler announced the appointment of a panel of distinguished monetary policy advisors and IMF Executive Board approval of the country's requ...

Cijeli opis

Bibliografski detalji
Autor kompanije: International Monetary Fund. External Relations Dept
Format: Žurnal
Jezik:English
Izdano: Washington, D.C. : International Monetary Fund, 2002.
Serija:IMF Survey; IMF Survey ; No. 0031/014
Online pristup:Full text available on IMF
LEADER 01374cas a2200241 a 4500
001 AALejournalIMF010384
008 230101c9999 xx r poo 0 0eng d
020 |c 5.00 USD 
020 |z 9781451930382 
022 |a 0047-083X 
040 |a BD-DhAAL  |c BD-DhAAL 
110 2 |a International Monetary Fund.  |b External Relations Dept. 
245 1 0 |a IMF Survey, Volume 31, Issue 14. 
264 1 |a Washington, D.C. :  |b International Monetary Fund,  |c 2002. 
300 |a 1 online resource (16 pages) 
490 1 |a IMF Survey 
500 |a <strong>Off-Campus Access:</strong> No User ID or Password Required 
500 |a <strong>On-Campus Access:</strong> No User ID or Password Required 
506 |a Electronic access restricted to authorized BRAC University faculty, staff and students 
520 3 |a To assist Argentina in its efforts to tackle an extremely difficult economic crisis and develop an effective recovery program, IMF Managing Director Horst Kohler announced the appointment of a panel of distinguished monetary policy advisors and IMF Executive Board approval of the country's request for an extension of a repayment to the IMF due later this month. 
538 |a Mode of access: Internet 
830 0 |a IMF Survey; IMF Survey ;  |v No. 0031/014 
856 4 0 |z Full text available on IMF  |u http://elibrary.imf.org/view/journals/023/0031/014/023.0031.issue-014-en.xml  |z IMF e-Library